Normal view
MARC view
Entry Topical Term
001 - CONTROL NUMBER
- control field: 259455
003 - CONTROL NUMBER IDENTIFIER
- control field: OSt
005 - DATE AND TIME OF LATEST TRANSACTION
- control field: 20260326170626.0
008 - FIXED-LENGTH DATA ELEMENTS
- fixed length control field: 260326|| aca||aabn | a|a d
040 ## - CATALOGING SOURCE
- Original cataloging agency: OSt
- Transcribing agency: OSt
150 ## - HEADING--TOPICAL TERM
- Topical term or geographic name entry element: Mapping the current process
670 ## - SOURCE DATA FOUND
- Source citation: Work cat.: (OSt)195022: Urdhwareshe, Hemant. 259454, Six sigma for business excellence: , 2011.